Digitalizace jako příležitost pro rekvalifikaci
Najžiadanejšie profesie v bankovníctve. Vzdelávanie a školenie zamestnancov bánk on-line ako nový trend. Psychické zdravie a psychická podpora zamestnancov na home-office a v čase pandémie COVID-19.
Salvato in:
| Autore principale: | |
|---|---|
| Natura: | Capitolo di libro |
| Lingua: | ceco |
| Soggetti: | |
| Tags: |
Nessun Tag, puoi essere il primo ad aggiungerne!!
|
MARC
| LEADER | 00000naa a2200000 4500 | ||
|---|---|---|---|
| 001 | 0273895 | ||
| 005 | 20210521132727.4 | ||
| 041 | 0 | |a cze | |
| 044 | |a CZ | ||
| 245 | 1 | 0 | |a Digitalizace jako příležitost pro rekvalifikaci |c Martina Sobková |
| 520 | |a Najžiadanejšie profesie v bankovníctve. Vzdelávanie a školenie zamestnancov bánk on-line ako nový trend. Psychické zdravie a psychická podpora zamestnancov na home-office a v čase pandémie COVID-19. | ||
| 610 | 2 | 0 | |a banky |
| 610 | 2 | 0 | |a bankovníctvo |
| 610 | 2 | 0 | |a zamestnanci |
| 610 | 2 | 0 | |a vzdelávanie elektronické |
| 610 | 2 | 0 | |a školenie odborné |
| 610 | 2 | 0 | |a zdravie duševné |
| 610 | 2 | 0 | |a koronavírus |
| 610 | 2 | 0 | |a práca z domu |
| 100 | 1 | |a Sobková, Martina | |